00234nam a2200097Ia 4500008004100000082000800041100001900049245004700068942000600115999001500121240331s9999 xx 000 0 und d bJAY aJayawardena, K 4aThe feminist challenge in the 18th century cL c1913d1913